[Event "XIII C.to Union SCIPT"]
[Site "Balatonkenese HUN"]
[Date "1999.09.??"]
[Round "1.1"]
[White "Magalotti, Andrea"]
[Black "Henriksen, Geir"]
[Result "1/2-1/2"]
[WhiteElo "2168"]
[BlackElo "2223"]
[Annotator "ITA-NOR"]
[PlyCount "144"]
[EventDate "1999.09.04"]

1. e4 c5 2. Nf3 Nc6 3. d4 cxd4 4. Nxd4 Qc7 5. Nc3 e6 6. Be2 a6 7. O-O Nf6 8.
Be3 Bb4 9. Na4 O-O 10. Nxc6 bxc6 11. Nb6 Rb8 12. Nxc8 Rfxc8 13. Bxa6 Rf8 14.
Bd3 Bd6 15. f4 e5 16. f5 Rxb2 17. Rf3 Qa5 18. Kh1 Rxa2 19. Rc1 Ba3 20. Rb1 d5
21. Rg3 Kh8 22. Qf3 Be7 23. h3 Ra1 24. Rxa1 Qxa1+ 25. Kh2 Qa4 26. Bg5 Qd4 27.
Qe3 Qxe3 28. Rxe3 Bc5 29. Re1 dxe4 30. Bc4 Nd5 31. Rxe4 f6 32. Bd2 Rb8 33. Bd3
Bd4 34. Re1 Kg8 35. Be4 Kf7 36. c4 Ne7 37. Rb1 Rxb1 38. Bxb1 Ke8 39. Be4 Kd7
40. g4 h6 41. Kg3 Bc5 42. Bd3 Nc8 43. Kf3 Nd6 44. h4 Bd4 45. g5 hxg5 46. hxg5
c5 47. gxf6 gxf6 48. Bh6 Kc7 49. Bf8 e4+ 50. Bxe4 Nxc4 51. Bd5 Nb6 52. Be6 c4
53. Ke4 Be5 54. Bc5 Na4 55. Bd4 Bxd4 56. Kxd4 Nb6 57. Bxc4 Nxc4 58. Kxc4 Kc6
59. Kd4 Kd6 60. Ke4 Kc5 61. Ke3 Kd5 62. Kd3 Ke5 63. Ke3 Kxf5 64. Kf3 Ke5 65.
Ke3 f5 66. Kf3 f4 67. Kf2 Ke4 68. Ke2 f3+ 69. Kf2 Kf4 70. Kf1 Kg3 71. Kg1 f2+
72. Kf1 Kf3 1/2-1/2

[Event "XIII C.to Union SCIPT"]
[Site "Balatonkenese HUN"]
[Date "1999.09.??"]
[Round "1.2"]
[White "Hovde, Frank"]
[Black "Imbrogno, Rinaldo"]
[Result "1-0"]
[WhiteElo "2285"]
[BlackElo "1935"]
[Annotator "ITA-NOR"]
[PlyCount "159"]
[EventDate "1999.09.04"]

1. d4 d6 2. Nf3 Nf6 3. c4 Nbd7 4. g3 e5 5. Bg2 Be7 6. Nc3 O-O 7. O-O c6 8. e4
Qc7 9. b3 Re8 10. Bb2 Nf8 11. Rc1 Bg4 12. h3 Bd7 13. Qd2 Rad8 14. a3 Ne6 15. b4
h6 16. Rfe1 Bc8 17. Qe3 Ng5 18. Nxg5 hxg5 19. Rcd1 Nh7 20. dxe5 dxe5 21. Qxa7
Be6 22. Bf1 g4 23. h4 g5 24. h5 Nf6 25. Qe3 Nxh5 26. Rxd8 Rxd8 27. Rd1 Ng7 28.
Be2 f6 29. Rxd8+ Bxd8 30. Qd2 Ne8 31. c5 Qd7 32. Qxd7 Bxd7 33. Kf1 b6 34. Na4
b5 35. Nc3 Kf7 36. Nd1 Kg6 37. Ne3 Ng7 38. Nxg4 Bc7 39. Ne3 Be6 40. Bd1 Kf7 41.
a4 bxa4 42. Bxa4 Bd7 43. Nc4 Ne6 44. Ke2 Ke7 45. Kd3 Be8 46. Ne3 Ng7 47. Nf5+
Nxf5 48. exf5 Bb8 49. Ke4 Bc7 50. Bb3 Bh5 51. Ba4 Be8 52. g4 Bb8 53. Bb3 Ba7
54. Be6 Bb8 55. Kd3 Bc7 56. Kc4 Bb8 57. Kb3 Bc7 58. Ka4 Kd8 59. Bc3 Ke7 60. Bc4
Kd8 61. b5 cxb5+ 62. Bxb5 Bf7 63. Bc6 Bc4 64. f3 Ke7 65. Bd2 Be2 66. Kb4 Kd8
67. Be3 Ke7 68. Bd5 Kd8 69. Bf2 Ba6 70. c6 Bd6+ 71. Ka5 Be2 72. Kb6 Kc8 73. Ka7
Bb8+ 74. Ka8 Ba6 75. Bc5 Bc7 76. Be7 Bd8 77. Bxd8 Kxd8 78. Kb8 Ke7 79. c7 Kd6
80. Bb7 1-0

[Event "XIII C.to Union SCIPT"]
[Site "Balatonkenese HUN"]
[Date "1999.09.??"]
[Round "3.1"]
[White "Magalotti, Andrea"]
[Black "Puschmann, Laszlo"]
[Result "0-1"]
[WhiteElo "2168"]
[BlackElo "2285"]
[Annotator "ITA-HUN"]
[PlyCount "86"]
[EventDate "1999.09.04"]

1. e4 c5 2. Nf3 Nc6 3. d4 cxd4 4. Nxd4 Nf6 5. Nc3 d6 6. Bc4 e6 7. Bb3 a6 8. Be3
Qc7 9. Qe2 Na5 10. O-O-O Nxb3+ 11. axb3 b5 12. f3 Be7 13. g4 Bb7 14. g5 Nd7 15.
h4 b4 16. Na4 Nc5 17. h5 Nxa4 18. bxa4 Rc8 19. Rhg1 g6 20. hxg6 hxg6 21. Rh1
Rxh1 22. Rxh1 Qa5 23. Rh8+ Kd7 24. Rxc8 Kxc8 25. Qc4+ Kd7 26. Nb3 Qxa4 27. Qd4
Qb5 28. Kb1 e5 29. Qa7 Bd8 30. Nd2 a5 31. b3 Qa6 32. Nc4 Qxa7 33. Bxa7 Ke6 34.
Bb8 d5 35. Nxe5 dxe4 36. f4 e3 37. Kc1 Be4 38. Nd3 Bb6 39. Kd1 Bf3+ 40. Ke1 Bd4
41. Be5 Bxe5 42. Nxe5 Be4 43. Nc4 Bxc2 0-1

[Event "XIII C.to Union SCIPT"]
[Site "Balatonkenese HUN"]
[Date "1999.09.??"]
[Round "3.2"]
[White "Pfeifer, Tamas"]
[Black "Imbrogno, Rinaldo"]
[Result "1-0"]
[WhiteElo "2261"]
[BlackElo "1935"]
[Annotator "ITA-HUN"]
[PlyCount "79"]
[EventDate "1999.09.04"]

1. e4 d6 2. d4 Nf6 3. Nc3 c6 4. g3 Nbd7 5. Bg2 e5 6. Nge2 Be7 7. O-O O-O 8. h3
b5 9. a3 Qc7 10. Be3 a6 11. g4 Bb7 12. Ng3 d5 13. Nf5 Rfe8 14. f4 exd4 15. Bxd4
c5 16. Nxe7+ Rxe7 17. Bxf6 Nxf6 18. e5 d4 19. exf6 Re3 20. Nd5 Rg3 21. Qe1
Rxg2+ 22. Kxg2 Bxd5+ 23. Kg3 Qc6 24. Qd2 Qxf6 25. Rae1 g6 26. Re5 Rd8 27. h4
Qd6 28. Rfe1 Bc6 29. h5 f6 30. Re6 Qd5 31. hxg6 Qf3+ 32. Kh4 hxg6 33. Qe2 g5+
34. fxg5 fxg5+ 35. Kh5 Qf7+ 36. Rg6+ Kh8 37. Qe5+ Kh7 38. Qf6 Be8 39. Rxe8 Qxe8
40. Qg7# 1-0

[Event "XIII C.to Union SCIPT"]
[Site "Balatonkenese HUN"]
[Date "1999.09.??"]
[Round "3.3"]
[White "Pace, Roberto"]
[Black "Morvay, Miklos"]
[Result "0-1"]
[WhiteElo "2050"]
[BlackElo "2215"]
[Annotator "ITA-HUN"]
[PlyCount "84"]
[EventDate "1999.09.04"]

1. e4 c5 2. Bc4 a6 3. d3 e6 4. Qe2 Nc6 5. c3 Na5 6. Nd2 b5 7. Bb3 Nxb3 8. Nxb3
Bb7 9. Nf3 d6 10. O-O Nf6 11. Bg5 h6 12. Bf4 e5 13. Bc1 g6 14. Re1 Bg7 15. Nbd2
O-O 16. Nf1 Re8 17. Ng3 d5 18. Qc2 Rc8 19. Bd2 c4 20. Rad1 cxd3 21. Qxd3 Nxe4
22. Qb1 Nd6 23. Qc1 e4 24. Bxh6 exf3 25. Be3 fxg2 26. Bg5 Qb6 27. h4 Ne4 28.
Be3 d4 29. Bf4 Nxg3 30. Bxg3 dxc3 31. bxc3 Qc6 32. h5 Bxc3 33. Rxe8+ Rxe8 34.
hxg6 Qxg6 35. Qxc3 Qh5 36. f3 Qh1+ 37. Kf2 Qxd1 38. Kxg2 Qe2+ 39. Kh3 Bxf3 40.
Qf6 Qg2+ 41. Kh4 Qh1+ 42. Kg5 Qh5+ 0-1

[Event "XIII C.to Union SCIPT"]
[Site "Balatonkenese HUN"]
[Date "1999.09.??"]
[Round "3.4"]
[White "Supolo, Jozsef"]
[Black "Andreaus, Marcello"]
[Result "1/2-1/2"]
[WhiteElo "2253"]
[BlackElo "1600"]
[Annotator "ITA-HUN"]
[PlyCount "82"]
[EventDate "1999.09.04"]

1. d4 d5 2. Nf3 Nf6 3. Bf4 Bf5 4. e3 e6 5. c3 Bd6 6. Qb3 b6 7. Ne5 O-O 8. Be2
Bxe5 9. Bxe5 Nbd7 10. Bg3 Ne4 11. c4 Nxg3 12. hxg3 Nf6 13. Nc3 c6 14. O-O Qd6
15. Rac1 Rac8 16. Rfd1 Rc7 17. a4 Rfc8 18. Ra1 h6 19. Rac1 g5 20. a5 Rb8 21. c5
Qd8 22. axb6 axb6 23. cxb6 Rcb7 24. Na4 Rxb6 25. Nxb6 Rxb6 26. Qa3 Qb8 27. b4
Rxb4 28. Rxc6 Rb1 29. Rxb1 Qxb1+ 30. Rc1 Qb8 31. Qc3 Ne4 32. Qa3 Kg7 33. g4 Bg6
34. f3 Nf6 35. Kf2 Qh2 36. Bf1 h5 37. Rc8 Nh7 38. gxh5 Bxh5 39. Qe7 Bg6 40. Qa3
g4 41. Qe7 gxf3 1/2-1/2

[Event "XIII C.to Union SCIPT"]
[Site "Balatonkenese HUN"]
[Date "1999.09.??"]
[Round "4.1"]
[White "Imbrogno, Rinaldo"]
[Black "Jurcisin, Imrich"]
[Result "1-0"]
[WhiteElo "1935"]
[BlackElo "2035"]
[Annotator "ITA-SVK"]
[PlyCount "63"]
[EventDate "1999.09.04"]

1. e4 e6 2. d3 d5 3. Nd2 Nf6 4. Ngf3 c5 5. g3 Nc6 6. Bg2 Be7 7. O-O O-O 8. e5
Nd7 9. Re1 Qc7 10. Qe2 b5 11. h4 a5 12. Nf1 b4 13. Bf4 Ba6 14. N1h2 Qb6 15. h5
c4 16. Ng4 cxd3 17. cxd3 Bb5 18. Qd2 b3 19. a3 Bc5 20. Bg5 Nd4 21. Rac1 Qa6 22.
Nf6+ gxf6 23. Bxf6 Bxd3 24. Nxd4 Bxd4 25. Qh6 Nxf6 26. exf6 Bxf6 27. Qxf6 Rfc8
28. h6 Kf8 29. Rxc8+ Rxc8 30. Bxd5 Bf5 31. g4 Bg6 32. Bxe6 1-0

[Event "XIII C.to Union SCIPT"]
[Site "Balatonkenese HUN"]
[Date "1999.09.??"]
[Round "5.1"]
[White "Pereira, Fernando"]
[Black "Magalotti, Andrea"]
[Result "1-0"]
[WhiteElo "2275"]
[BlackElo "2168"]
[Annotator "ITA-POR"]
[PlyCount "55"]
[EventDate "1999.09.04"]

1. c4 c5 2. Nc3 g6 3. Nf3 Bg7 4. g3 Nc6 5. Bg2 Nf6 6. O-O O-O 7. d4 cxd4 8.
Nxd4 Nxd4 9. Qxd4 d6 10. Qd3 a6 11. Bd2 Rb8 12. Rac1 Nd7 13. e4 Nc5 14. Qe2 Be6
15. b3 b5 16. cxb5 Bxc3 17. Bxc3 axb5 18. f4 f6 19. e5 fxe5 20. fxe5 Qd7 21.
Qe3 Bh3 22. e6 Bxe6 23. Qh6 Rf6 24. Bxf6 exf6 25. Rxf6 Nd3 26. Rcf1 Qe7 27. Qd2
Bf5 28. R6xf5 1-0

[Event "XIII C.to Union SCIPT"]
[Site "Balatonkenese HUN"]
[Date "1999.09.??"]
[Round "5.2"]
[White "D'Apa, Stefano"]
[Black "Moura Chaves, Eduardo Eugenio"]
[Result "1/2-1/2"]
[WhiteElo "2175"]
[BlackElo "2235"]
[Annotator "ITA-POR"]
[PlyCount "86"]
[EventDate "1999.09.04"]

1. e4 c5 2. Nc3 e5 3. g3 Nc6 4. Bg2 Nf6 5. d3 d6 6. Nge2 h6 7. O-O Be7 8. f4
Bg4 9. h3 Bxe2 10. Nxe2 Nd4 11. c3 Nxe2+ 12. Qxe2 O-O 13. Be3 Rc8 14. a4 b6 15.
Kh2 Nh7 16. h4 Bf6 17. Qg4 Kh8 18. Bf2 Qe8 19. Rg1 Rc7 20. f5 Rg8 21. Bf3 Bd8
22. Bd1 Nf6 23. Qe2 g6 24. fxg6 fxg6 25. Be3 Kh7 26. Bb3 Rh8 27. Raf1 Qd7 28.
g4 d5 29. exd5 Nxd5 30. Bxh6 Kxh6 31. Qxe5 Re8 32. g5+ Kh7 33. Qxd5 Re2+ 34.
Rg2 Rxg2+ 35. Qxg2 Qxd3 36. Rd1 Qf5 37. Rxd8 Re7 38. Rd1 Qf4+ 39. Kg1 Qe3+ 40.
Qf2 Qe4 41. Bc2 Qg4+ 42. Kf1 Qh3+ 43. Kg1 Qg4+ 1/2-1/2

[Event "XIII C.to Union SCIPT"]
[Site "Balatonkenese HUN"]
[Date "1999.09.??"]
[Round "6.1"]
[White "Sabic, Miroslav"]
[Black "Magalotti, Andrea"]
[Result "0-1"]
[WhiteElo "2135"]
[BlackElo "2168"]
[Annotator "ITA-NED"]
[PlyCount "110"]
[EventDate "1999.09.04"]

1. d4 Nf6 2. Nf3 g6 3. Bf4 Bg7 4. h3 d6 5. Nbd2 O-O 6. e3 Nbd7 7. Bc4 c6 8. a4
Qe8 9. O-O e5 10. Bh2 e4 11. Bxd6 exf3 12. Qxf3 Nb6 13. Bd3 Be6 14. c4 Rd8 15.
Bxf8 Qxf8 16. a5 Nbd7 17. Qe2 Qd6 18. Rfb1 Nc5 19. Bc2 Na6 20. Ra4 c5 21. Nf3
Nb4 22. Rxb4 cxb4 23. e4 Nh5 24. e5 Qa6 25. b3 Bh6 26. Be4 Qxa5 27. Bxb7 Nf4
28. Qc2 Bc8 29. Be4 Ne6 30. Rd1 Bf8 31. g3 Qb6 32. c5 Nxc5 33. dxc5 Rxd1+ 34.
Qxd1 Qxc5 35. Kg2 Be6 36. Qd3 a5 37. h4 Be7 38. h5 Kg7 39. hxg6 hxg6 40. Qd1
Kg8 41. Qb1 Qc3 42. Bxg6 Qxb3 43. Bh7+ Kg7 44. Qe4 Qd5 45. Qb1 Qa2 46. Qd3 Bc5
47. Bf5 Qxf2+ 48. Kh3 Qe3 49. Qc2 b3 50. Qb1 Qxf3 51. Bxe6 fxe6 52. Qc1 Qf5+
53. g4 Qf3+ 54. Kh2 Qe2+ 55. Kh1 Qe4+ 0-1

[Event "XIII C.to Union SCIPT"]
[Site "Balatonkenese HUN"]
[Date "1999.09.??"]
[Round "7.1"]
[White "Magalotti, Andrea"]
[Black "Van der Werf, Mark"]
[Result "1/2-1/2"]
[WhiteElo "2168"]
[BlackElo "2432"]
[Annotator "ITA-NED2"]
[PlyCount "65"]
[EventDate "1999.09.04"]

1. e4 d5 2. exd5 Qxd5 3. d4 Nc6 4. Nf3 Bg4 5. Be2 O-O-O 6. Be3 Nf6 7. O-O Qh5
8. h3 e5 9. Nbd2 Bxf3 10. Bxf3 Qf5 11. Bxc6 exd4 12. Nf3 bxc6 13. Nxd4 Qe4 14.
Qe2 Kb7 15. Nb3 Qa4 16. Rad1 Bd6 17. Rd4 Qb5 18. c4 Qa6 19. Rfd1 Nd7 20. Qd2 c5
21. Rd5 Kc8 22. Nxc5 Qxc4 23. Nxd7 Rxd7 24. Qa5 a6 25. R5d4 Qc6 26. Rc1 Qb5 27.
Qxb5 axb5 28. a4 Be5 29. Rxd7 Kxd7 30. axb5 Rb8 31. b6 cxb6 32. Kf1 b5 33. b3
1/2-1/2

[Event "XIII C.to Union SCIPT"]
[Site "Balatonkenese HUN"]
[Date "1999.09.??"]
[Round "7.2"]
[White "Van der Vorm, Teun"]
[Black "Imbrogno, Rinaldo"]
[Result "1-0"]
[WhiteElo "2372"]
[BlackElo "1935"]
[Annotator "ITA-NED2"]
[PlyCount "113"]
[EventDate "1999.09.04"]

1. e4 d6 2. d4 Nf6 3. Nc3 c6 4. f4 Qa5 5. Bd3 e5 6. Nf3 Bg4 7. Be3 Nbd7 8. O-O
Be7 9. h3 Bxf3 10. Qxf3 O-O 11. Ne2 Rad8 12. Kh1 c5 13. c3 Qc7 14. Ng3 Rfe8 15.
Nf5 Bf8 16. fxe5 dxe5 17. d5 Nb6 18. Bg5 Nbxd5 19. Bb5 Nf4 20. Bxf6 gxf6 21.
Bxe8 Rxe8 22. Rad1 c4 23. Ne3 Rd8 24. Rxd8 Qxd8 25. Nxc4 Nd3 26. b4 Bg7 27. Kh2
b5 28. Ne3 Nf4 29. g3 Ne6 30. Nd5 Ng5 31. Qd3 a6 32. h4 Ne6 33. a4 Nc7 34. axb5
Nxb5 35. Rd1 Qd6 36. Ne3 Qe6 37. Nf5 h5 38. Qf3 Qb6 39. Ne3 Kf8 40. Nd5 Qc6 41.
Qxh5 Nd6 42. Qe2 Nc4 43. g4 Bh6 44. Kh3 Bf4 45. Ra1 Kg7 46. Rf1 Nd6 47. Qd3 Nb5
48. Ra1 Qc8 49. c4 Nd6 50. c5 Nb5 51. Ne7 Qe6 52. Nf5+ Kg6 53. Qd5 Qe8 54. Rxa6
Nc3 55. Qb7 Nb5 56. Ra8 Qe6 57. Rg8+ 1-0

[Event "XIII C.to Union SCIPT"]
[Site "Balatonkenese HUN"]
[Date "1999.09.??"]
[Round "7.3"]
[White "Pace, Roberto"]
[Black "Alberts, Hendrik Jan"]
[Result "1-0"]
[WhiteElo "2050"]
[BlackElo "2175"]
[Annotator "ITA-NED2"]
[PlyCount "103"]
[EventDate "1999.09.04"]

1. e4 e6 2. d4 d5 3. Nd2 Nf6 4. e5 Nfd7 5. Bd3 c5 6. c3 Nc6 7. Ne2 cxd4 8. cxd4
f6 9. f4 Be7 10. Nf3 O-O 11. O-O Qb6 12. Kh1 Re8 13. Nc3 Nf8 14. Na4 Qd8 15.
Be3 b6 16. Rc1 Bd7 17. Nc3 a6 18. Qe2 Nb4 19. Bb1 Qb8 20. Ne1 Qb7 21. Nd3 Nxd3
22. Bxd3 b5 23. Nb1 Rec8 24. Nd2 Rxc1 25. Rxc1 Rc8 26. Nb3 Rxc1+ 27. Bxc1 Qc7
28. Be3 Bc8 29. exf6 Bxf6 30. Nc5 g6 31. Qf2 Kf7 32. g4 Qd6 33. Be2 Kg7 34. Nd3
Qc7 35. Nc5 Qd6 36. Kg2 Qc7 37. h4 Kg8 38. Bd3 Kf7 39. g5 Bg7 40. Qf3 Qc6 41.
h5 Kg8 42. h6 Bh8 43. Qf2 Nd7 44. Nxd7 Bxd7 45. Qc2 Qb6 46. Bxg6 e5 47. Bxh7+
Kf8 48. fxe5 Qe6 49. Qf2+ Ke8 50. Qf3 Kd8 51. Bd2 Be8 52. Qf5 1-0

[Event "V Weekend B"]
[Site "Cremona ITA"]
[Date "1999.10.??"]
[Round "?"]
[White "Distratis, Gianluca"]
[Black "Poletti, Fausto"]
[Result "1-0"]
[WhiteElo "1588"]
[BlackElo "1782"]
[PlyCount "55"]
[EventDate "1999.10.15"]

1. e4 c6 2. d4 d5 3. e5 Bf5 4. h4 h6 5. g4 Bh7 6. e6 fxe6 7. Bd3 Bxd3 8. Qxd3
Qd6 9. f4 Nf6 10. Nf3 Ne4 11. Nc3 Nxc3 12. bxc3 Nd7 13. Qg6+ Kd8 14. Ne5 Nxe5
15. fxe5 Qd7 16. O-O Qc8 17. Ba3 Kd7 18. Rf7 b6 19. Bxe7 Bxe7 20. Rxe7+ Kxe7
21. Qxg7+ Kd8 22. Qxh8+ Kc7 23. Qg7+ Qd7 24. Qxh6 c5 25. Rf1 Re8 26. g5 Re7 27.
g6 Rg7 28. Qxg7 1-0

[Event "IV Weekend A"]
[Site "Gorgonzola ITA"]
[Date "1999.11.13"]
[Round "1"]
[White "Berni, Fabrizio"]
[Black "Barazzetta, Massimo"]
[Result "0-1"]
[WhiteElo "1704"]
[BlackElo "1782"]
[PlyCount "64"]
[EventDate "1999.11.13"]

1. e4 d5 2. exd5 Nf6 3. d4 Nxd5 4. Nf3 Bg4 5. Be2 Nc6 6. O-O e6 7. Re1 Be7 8.
c3 O-O 9. Ne5 Bxe2 10. Qxe2 Nxe5 11. dxe5 Bg5 12. Na3 Qe7 13. c4 Nb4 14. f4 Bh6
15. Kh1 Rfd8 16. Be3 Rd3 17. Rad1 Rad8 18. Nb5 Rxe3 19. Qxe3 Nc2 20. Qf3 Nxe1
21. Rxe1 a6 22. Nc3 g6 23. g4 Qb4 24. g5 Bg7 25. Rd1 Rxd1+ 26. Nxd1 Qxc4 27.
Ne3 Qc1+ 28. Kg2 Qxb2+ 29. Kh3 Qc3 30. Kg2 Bf8 31. Kf1 Bc5 32. Qd1 Qxe3 0-1

[Event "IV Weekend B"]
[Site "Gorgonzola ITA"]
[Date "1999.11.13"]
[Round "1"]
[White "Mei, Gianluca"]
[Black "D'Aulisa, Francesco"]
[Result "1/2-1/2"]
[WhiteElo "1600"]
[BlackElo "1624"]
[PlyCount "39"]
[EventDate "1999.11.13"]

1. e4 g6 2. d4 Bg7 3. c4 e6 4. Nc3 d6 5. Nf3 Nd7 6. Be2 h6 7. O-O Ne7 8. Be3 b6
9. Bd3 g5 10. h3 Bb7 11. Re1 e5 12. Bc2 Ba6 13. b3 Ng6 14. Nd5 Bb7 15. Rc1 Bc8
16. g3 Nb8 17. Kg2 g4 18. hxg4 Bxg4 19. Rh1 Nc6 20. Qd2 1/2-1/2

[Event "IV Weekend B"]
[Site "Gorgonzola ITA"]
[Date "1999.11.14"]
[Round "2"]
[White "Lanteri, Andrea"]
[Black "Mei, Gianluca"]
[Result "1/2-1/2"]
[WhiteElo "1494"]
[BlackElo "1600"]
[PlyCount "45"]
[EventDate "1999.11.13"]

1. c4 Nf6 2. Nc3 c5 3. Nf3 Nc6 4. g3 g6 5. Bg2 Bg7 6. O-O O-O 7. d4 cxd4 8.
Nxd4 Nxd4 9. Qxd4 d6 10. Qd3 Rb8 11. Bd2 b6 12. Rab1 Bb7 13. Nb5 Qd7 14. e4 a6
15. Nc3 e6 16. Bf4 Rfd8 17. Rfd1 Bf8 18. Bg5 Bg7 19. Rd2 h6 20. Bf4 Bf8 21.
Rbd1 Qc6 22. f3 Rbc8 23. Be3 1/2-1/2

[Event "IV Weekend B"]
[Site "Gorgonzola ITA"]
[Date "1999.11.14"]
[Round "3"]
[White "Mei, Gianluca"]
[Black "Brunelli, Giovanni"]
[Result "0-1"]
[WhiteElo "1600"]
[BlackElo "1654"]
[PlyCount "58"]
[EventDate "1999.11.13"]

1. e4 c5 2. Nc3 Nc6 3. g3 Nf6 4. Bg2 d6 5. h3 e5 6. d3 h6 7. Nf3 Be6 8. O-O Qd7
9. Kh2 Be7 10. Ne2 O-O-O 11. c3 Kb8 12. Be3 d5 13. Nfg1 d4 14. cxd4 cxd4 15.
Bd2 Nb4 16. Bxb4 Bxb4 17. a3 Bd6 18. b4 g5 19. Nc1 h5 20. Nge2 h4 21. g4 Bxg4
22. f3 Be6 23. Qd2 Nh5 24. Ng1 Nf4 25. Nce2 Nxg2 26. Kxg2 Rhg8 27. Kh2 f5 28.
Rf2 g4 29. exf5 g3+ 0-1

[Event "IV Weekend B"]
[Site "Gorgonzola ITA"]
[Date "1999.11.20"]
[Round "4"]
[White "Di Grazia, Stefano"]
[Black "Mei, Gianluca"]
[Result "0-1"]
[WhiteElo "1482"]
[BlackElo "1600"]
[PlyCount "56"]
[EventDate "1999.11.13"]

1. e4 e5 2. Nf3 Nc6 3. Bb5 d6 4. c3 Nf6 5. d3 Be7 6. O-O O-O 7. h3 Bd7 8. Be3
h6 9. Ba4 Re8 10. Nbd2 Bf8 11. Bb3 Ne7 12. d4 exd4 13. cxd4 d5 14. e5 Ne4 15.
Nxe4 dxe4 16. Nd2 Bb5 17. Re1 Bd3 18. Qg4 Qc8 19. Qh4 Qf5 20. Rac1 c6 21. Qf4
Qxf4 22. Bxf4 Nd5 23. Bg3 Bb4 24. Rcd1 Kh7 25. Bxd5 cxd5 26. Re3 Rac8 27. f3
Rc2 28. Rc1 Bxd2 0-1

[Event "XI Festival B"]
[Site "Porto San Giorgio ITA"]
[Date "1999.08.??"]
[Round "?"]
[White "Scuderi, David"]
[Black "Berni, Fabrizio"]
[WhiteElo "1717"]
[BlackElo "1704"]
[Result "0-1"]
[PlyCount "68"]
[EventDate "1999.08.20"]

1. e4 c5 2. c3 d5 3. exd5 Qxd5 4. d4 Nf6 5. Nf3 Bg4 6. Be2 e6 7. O-O Nc6 8. Be3
cxd4 9. cxd4 Bb4 10. a3 Ba5 11. b4 Bc7 12. Nc3 Qd8 13. Nb5 Bb8 14. h3 Bxf3 15.
Bxf3 Nd5 16. Qc2 a6 17. Nc3 Qc7 18. Rfc1 Qh2+ 19. Kf1 Nxe3+ 20. fxe3 O-O 21.
Na4 Ne7 22. Nb6 Nf5 23. Ke2 Bf4 24. Nxa8 Bxe3 25. Qd3 Qf4 26. Rc4 Rxa8 27. d5
Qe5 28. Rd1 exd5 29. Be4 dxe4 30. Rxe4 Qb2+ 31. Kf3 Qf2+ 32. Kg4 h5+ 33. Kxh5
g6+ 34. Kg4 Qg3# 0-1

[Event "VIII Weekend Gelso Bianco B"]
[Site "Misterbianco ITA"]
[Date "1999.07.19"]
[Round "8"]
[White "Forlano, Luigi"]
[Black "Blandini, Carmelo"]
[Result "0-1"]
[WhiteElo "1842"]
[BlackElo "1770"]
[PlyCount "98"]
[EventDate "1999.07.10"]

1. e4 e6 2. d3 d5 3. Nd2 c5 4. Ngf3 Nc6 5. g3 Bd6 6. Bg2 Nge7 7. O-O Bd7 8.
exd5 exd5 9. d4 cxd4 10. Nb3 O-O 11. Nfxd4 h6 12. Be3 Rc8 13. Qd2 Ne5 14. Bxh6
gxh6 15. Qxh6 N5g6 16. f4 Nf5 17. Nxf5 Bxf5 18. h4 Bc5+ 19. Nxc5 Rxc5 20. h5
Nh8 21. g4 Rc6 22. Qg5+ Qxg5 23. fxg5 Be4 24. Bxe4 dxe4 25. Rae1 Re8 26. Rf6
Rxc2 27. Kf1 Rxb2 28. Re2 Rb5 29. Rf5 Ree5 30. Ref2 e3 31. Rxe5 Rxe5 32. Rf5
e2+ 33. Ke1 Re7 34. Rf2 Kg7 35. Rxe2 Rxe2+ 36. Kxe2 Ng6 37. Ke3 Ne5 38. Kf4
Ng6+ 39. Kf5 Nh4+ 40. Ke5 Nf3+ 41. Kd6 Nxg5 42. Kc7 b5 43. Kb7 Ne4 44. Kxa7 b4
45. Kb6 Nc3 46. Kc5 Nxa2 47. Kc4 Kh6 48. Kb3 Nc3 49. Kc4 Nd5 0-1

[Event "III Open A"]
[Site "Castellaneta ITA"]
[Date "1999.08.30"]
[Round "3"]
[White "Culle', Salvatore"]
[Black "Arnetta, Marianna"]
[Result "1-0"]
[WhiteElo "1780"]
[BlackElo "1714"]
[PlyCount "95"]
[EventDate "1999.08.29"]

1. d4 d5 2. c4 c6 3. Nc3 Nf6 4. e3 Bf5 5. Qb3 Qd7 6. Nf3 e6 7. Be2 Bd6 8. c5
Be7 9. O-O Qc7 10. Ne5 O-O 11. Qd1 Bxc5 12. g4 Be4 13. f3 Bd6 14. fxe4 Bxe5 15.
dxe5 Qxe5 16. exd5 exd5 17. Bd3 Nbd7 18. Qf3 Nc5 19. Bc2 Qe6 20. Qf5 h6 21.
Qxe6 fxe6 22. h3 e5 23. b4 Ncd7 24. Bb2 Nb6 25. Bb3 Kh8 26. Na4 Nbd7 27. Nc5
Nxc5 28. bxc5 Rae8 29. Bc2 Nd7 30. Bg6 Rxf1+ 31. Rxf1 Re7 32. Rf7 Rxf7 33. Bxf7
Nxc5 34. Bxe5 Nd7 35. Bd4 Nb6 36. Bxb6 axb6 37. Be6 b5 38. Bc8 b6 39. Bb7 c5
40. Bxd5 b4 41. Bc4 g5 42. Kg2 Kg7 43. Kf3 Kf6 44. Ke4 Ke7 45. Kd5 Kd7 46. e4
Ke7 47. e5 Kd7 48. e6+ 1-0

[Event "III Open A"]
[Site "Castellaneta ITA"]
[Date "1999.08.31"]
[Round "6"]
[White "Culle', Salvatore"]
[Black "Dimitrijevic, Dragan"]
[Result "0-1"]
[WhiteElo "1780"]
[BlackElo "1828"]
[PlyCount "89"]
[EventDate "1999.08.29"]

1. e4 c5 2. c3 d5 3. exd5 Qxd5 4. d4 Nf6 5. Nf3 e6 6. Na3 a6 7. Nc2 Nc6 8. Be2
cxd4 9. Ncxd4 Bc5 10. O-O Nxd4 11. cxd4 Bd6 12. Bd3 Bd7 13. Qe2 Bc6 14. h3 h6
15. Bc4 Qf5 16. Ne5 Bxe5 17. dxe5 Nd7 18. f4 Qe4 19. Be3 Rc8 20. Rad1 Qg6 21.
f5 exf5 22. Rd6 Qxg2+ 23. Qxg2 Bxg2 24. Bxf7+ Kxf7 25. e6+ Ke7 26. exd7 Rc2 27.
Rfd1 Rd8 28. Bb6 Bc6 29. Bxd8+ Kxd8 30. b4 Re2 31. h4 Re7 32. Kf2 Bxd7 33. Rg1
Ke8 34. Re1 Rxe1 35. Kxe1 Ke7 36. Rg6 Kf7 37. Rd6 Be6 38. Kf2 g5 39. hxg5 hxg5
40. a4 Ke7 41. Rb6 Bd5 42. b5 axb5 43. Rxb5 Ke6 44. Rb6+ Ke5 45. a5 0-1

[Event "XX C.to Italiano UISP A"]
[Site "Camaiore ITA"]
[Date "1999.12.??"]
[Round "1"]
[White "Beggi, Pierluigi"]
[Black "Pieraccini, Carlo Alberto"]
[Result "1/2-1/2"]
[WhiteElo "2170"]
[BlackElo "1733"]
[PlyCount "32"]
[EventDate "1999.12.04"]

1.d4 d5 2.c4 e6 3.cxd5 exd5 4.Nc3 Nf6 5.Bg5 Be7 6.e3 c6 7.Bd3 O-O 8.Nf3 
Bg4 9.h3 Bh5 10.g4 Bg6 11.Nh4 Ne4 12.Bxe7 Qxe7 13.Nf5 Bxf5 14.gxf5 Nd7 15.
Bxe4 dxe4 16.Qg4 Nf6 1/2-1/2

[Event "XX C.to Italiano UISP A"]
[Site "Camaiore ITA"]
[Date "1999.12.??"]
[Round "1"]
[White "Ferro, Mario"]
[Black "Scalcione, Michelangelo"]
[Result "1-0"]
[WhiteElo "1807"]
[BlackElo "2177"]
[PlyCount "109"]
[EventDate "1999.12.04"]

1.e4 e5 2.Bc4 Nf6 3.Nc3 Bc5 4.d3 d6 5.Bg5 c6 6.Qf3 Nbd7 7.Nge2 h6 8.Be3 b5
9.Bb3 a5 10.a3 Bb7 11.Ng3 Bxe3 12.fxe3 Nc5 13.Ba2 b4 14.Nb1 Qb6 15.Nf5 
O-O-O 16.O-O b3 17.Bxb3 Nxb3 18.cxb3 Qxb3 19.Nc3 Ne8 20.Ne7+ Kd7 21.Qf5+ 
Qe6 22.Qxe6+ Kxe6 23.Nf5 g6 24.Nh4 Rb8 25.d4 Ba6 26.d5+ Kd7 27.Rf2 c5 28.
Rd1 Nf6 29.h3 Rb3 30.Rdd2 Rhb8 31.Nf3 Bc4 32.g4 Rxc3 33.bxc3 Rb1+ 34.Kg2 
Nxe4 35.Rb2 Rxb2 36.Rxb2 Bxd5 37.c4 Bxc4 38.Rb7+ Ke6 39.Ra7 Bd5 40.Kf1 Nc3
41.Nd2 a4 42.e4 Bb3 43.Kf2 Nb5 44.Rb7 Nxa3 45.Nxb3 axb3 46.Rxb3 Nc2 47.Rb8
Nb4 48.Ke3 Nc6 49.Rh8 Kf6 50.h4 Ne7 51.h5 Kg5 52.Rf8 Kxg4 53.Rxf7 Kxh5 54.
Rxe7 Kg5 55.Re6 1-0

[Event "XX C.to Italiano UISP A"]
[Site "Camaiore ITA"]
[Date "1999.12.??"]
[Round "1"]
[White "Gaiba, Paolo"]
[Black "Arnetta, Maria Teresa"]
[Result "1-0"]
[WhiteElo "2149"]
[BlackElo "1792"]
[PlyCount "63"]
[EventDate "1999.12.04"]

1.e4 c5 2.d4 cxd4 3.c3 dxc3 4.Nxc3 Nc6 5.Bc4 d6 6.Nf3 e6 7.O-O Be7 8.Qe2 
a6 9.Be3 Nf6 10.Na4 b5 11.Nb6 Rb8 12.Nxc8 Rxc8 13.Bd3 O-O 14.Rad1 Qc7 15.
h3 d5 16.Ng5 d4 17.Bc1 h6 18.Nf3 e5 19.Nh4 Nb4 20.Bb1 Rfd8 21.a3 Nc6 22.
Nf5 Bc5 23.Qf3 Ne8 24.Bc2 Bf8 25.Qh5 Nd6 26.Bb3 Nxe4 27.Qg6 Kh8 28.Bxf7 
Nd6 29.Nxh6 Nxf7 30.Nxf7+ Kg8 31.Ng5 Bc5 32.Rd3 1-0